000 00875nas a2200301 4500
001 BR2010003950
003 BR-BrBNA
005 20231205114642.0
007 ta
008 230509b bl.|||p| |||| 00| 00por d
040 _aBR-BrBNA
_bpor
_cBiblioteca Nacional de Agricultura
041 _a(En)
072 _aH20; F30
100 1 _aSandhu, S.S.
100 1 _aMazzafera, P.
100 1 _aAzini, L.E.
100 1 _aBastos, C.R.
100 1 _aColombo, C.A.
245 1 _aLipoxygenase activity in brazilian rice cultivars with variable resistance to leaf blast disease
650 _aARROZ
650 _aBRUSONE
650 _aVARIEDADE RESISTENTE
650 _aFUNGO
650 _aLINHAGEM
773 0 _tBragantia (Brazil)
_xISSN 0006-8705
_g(Jan-Mar 2007), v. 66(1) p. 27-30
_wBR2010003950
909 _a202311
_bLúcia
_c55
_dLúcia Elande
942 _2AGRIS
_n0
_cANA
999 _c209767
_d209767